000 00321nam a2200133Ia 4500
008 260604s9999 xx 000 0 und d
020 _a9780709726548
082 _a808.3 WAT
100 _aBrown Watson
_935291
245 0 _aIllustrated Unicorn & Fairy Stories
260 _bSHREE
500 _aFairy Stories
942 _cBK
999 _c8060
_d8060